| 000 | 00722nam a2200265 4500 | ||
|---|---|---|---|
| 999 |
_c9256 _d9256 |
||
| 001 | 9256 | ||
| 003 | BD-JhCC | ||
| 005 | 20180312121744.0 | ||
| 008 | 700821s1963 maua b 001 0 eng | ||
| 035 | _a(BD-JhCC)9256 | ||
| 040 |
_aDLC _cDLC _dDLC _dBD-JhCC |
||
| 041 | _aeng | ||
| 050 | 0 | 0 |
_aJC252 _b.B66 1963 |
| 082 | 0 | 0 |
_a320.1 _bBRE 1963 |
| 100 | 1 |
_aBrewster, Robert Wallace, _d1905- |
|
| 245 | 1 | 0 |
_aGovernment in modern society, _bwith emphasis on American institutions. |
| 250 | _a2d ed. | ||
| 260 |
_aBoston, _bHoughton Mifflin _c[1963] |
||
| 300 |
_a619 p. _billus. _c25 cm. |
||
| 504 | _aIncludes bibliography. | ||
| 650 | 0 | _aPolitical science. | |
| 650 | 0 | _aState, The. | |
| 942 |
_2ddc _cBK |
||